La columna cervical (Registro nro. 3817)

Detalles MARC
000 -CABECERA
campo de control de longitud fija 00623nam a2200217 a 4500
001 - NÚMERO DE CONTROL
campo de control ES-MaREB00231251-1
003 - IDENTIFICADOR DEL NÚMERO DE CONTROL
campo de control ES-MaREB
005 - FECHA Y HORA DE LA ÚLTIMA TRANSACCIÓN
campo de control 20190131145053.0
008 - DATOS DE LONGITUD FIJA--INFORMACIÓN GENERAL
campo de control de longitud fija 020226s1977 esp 000 0 spa d
020 ## - NÚMERO INTERNACIONAL ESTÁNDAR DEL LIBRO
Número Internacional Estándar del Libro 8434513870
040 ## - FUENTE DE LA CATALOGACIÓN
Centro catalogador/agencia de origen TF-BP
Centro/agencia transcriptor AR-RoIUNI
080 ## - NÚMERO DE LA CLASIFICACIÓN DECIMAL UNIVERSAL
Número de la Clasificación Decimal Universal 616.71 BAI
100 1# - ENTRADA PRINCIPAL--NOMBRE DE PERSONA
Nombre de persona Bailey, Robert Wayne
245 13 - MENCIÓN DE TÍTULO
Título La columna cervical
Mención de responsabilidad, etc. Robert Wayne Bailey ; [versión española por Pedro Barceló]
260 ## - PUBLICACIÓN, DISTRIBUCIÓN, ETC. (PIE DE IMPRENTA)
Lugar de publicación, distribución, etc. Barcelona :
Nombre del editor, distribuidor, etc. Salvat,
Fecha de publicación, distribución, etc. D.L. 1977.
300 ## - DESCRIPCIÓN FÍSICA
Extensión 271 p. :
Otras características físicas fot. n. ;
Dimensiones 26 cm.
500 ## - NOTA GENERAL
Nota general Índices.
650 10 - PUNTO DE ACCESO ADICIONAL DE MATERIA--TÉRMINO DE MATERIA
Término de materia o nombre geográfico como elemento inicial Aparato locomotor
9 (RLIN) 548
650 10 - PUNTO DE ACCESO ADICIONAL DE MATERIA--TÉRMINO DE MATERIA
Término de materia o nombre geográfico como elemento inicial Anatomía
9 (RLIN) 115
942 ## - ELEMENTOS DE PUNTO DE ACCESO ADICIONAL (KOHA)
Fuente del sistema de clasificación o colocación Clasificación Decimal Universal
Tipo de ítem Koha Libros
Existencias
Estado de retiro Estado de pérdida Fuente del sistema de clasificación o colocación Estado dañado Excepción de préstamo Código de colección Localización permanente Ubicación/localización actual Ubicación en estantería Fecha de adquisición Número de inventario Total de préstamos Signatura topográfica completa Código de barras Fecha visto por última vez Precio válido a partir de Tipo de ítem Koha
    Clasificación Decimal Universal     General BIBLIOTECA CENTRAL BIBLIOTECA CENTRAL BIBLIOTECA CENTRAL 31/01/2019 3982   616.7 BAI 3982c 25/04/2018 25/04/2018 Libros